Cities of the United Kingdom - Satellite - Statistics

General Stats
  • This quiz has been taken 19 times
  • The average score is 11 of 28
Answer Stats
Picture Answer % Correct
Liverpool
94%
London
72%
Edinburgh
67%
Gibraltar
67%
Belfast
61%
Birmingham
61%
Brighton
56%
Cardiff
56%
Plymouth
56%
Blackpool
50%
Manchester
50%
Glasgow
44%
Portsmouth
44%
Aberdeen
39%
Bournemouth
33%
Bristol
33%
Kingston
33%
Leeds
33%
Southampton
33%
Swansea
33%
Inverness
22%
Londonderry
22%
Middlesbrough
22%
Stanley
22%
Southend
17%
Hamilton
11%
Ayr
6%
Penzance
6%
No matching quizzes found
Score Distribution
Percent of People with Each Score
Percentile by Number Answered
Your Score History
You have not taken this quiz